[Event "Troy (US Am N/1/31)"]
[Site "?"]
[Date "1995.??.??"]
[Round "?"]
[White "Schey, Danny"]
[Black "Aldrich, Justin"]
[Result "0-1"]
[WhiteElo "1780"]
[BlackElo "1605"]
[PlyCount "64"]
[EventDate "1995.??.??"]

{1/(31)} 1. c4 e5 2. Nc3 Bc5 3. e3 Nc6 4. Nf3 Nf6 5. Nxe5 Nxe5 6. d4 Nxc4 7.
Bxc4 Be7 8. O-O d5 9. Bd3 O-O 10. Qc2 c6 11. Bd2 Re8 12. Rfc1 Bd7 13. Rab1 Qc7
14. b4 a6 15. a4 Qc8 16. e4 dxe4 17. Nxe4 Nxe4 18. Bxe4 g6 19. Bf4 Bf8 20. Be5
Bg7 21. Qb2 f6 22. Qb3+ Kh8 23. Bxg6 hxg6 24. Bd6 b5 25. axb5 axb5 26. d5 Qb7
27. Rc2 cxd5 28. Rc7 Qa6 29. Rxd7 Qc6 30. Qh3+ Kg8 31. Bf4 Qc2 32. Rc1 Qxc1+
0-1

[Event "Eastpointe (MCO/2/13)"]
[Site "?"]
[Date "1995.??.??"]
[Round "?"]
[White "Schell, Ken"]
[Black "Zaremba, Andrei"]
[Result "0-1"]
[WhiteElo "1705"]
[BlackElo "2025"]
[PlyCount "60"]
[EventDate "1995.??.??"]

{2/(13)} 1. e4 c5 2. Nf3 d6 3. d4 cxd4 4. Nxd4 Nf6 5. Nc3 a6 6. Be2 e5 7. Nb3
Be7 8. O-O O-O 9. Be3 Be6 10. a4 Nbd7 11. h3 Qc7 12. Qd2 Nb6 13. Rfd1 Nc4 14.
Bxc4 Bxc4 15. a5 Nd7 16. Nd5 Bxd5 17. exd5 f5 18. g3 Kh8 19. f4 Bf6 20. c3 Rae8
21. Ra4 exf4 22. gxf4 Re7 23. Nd4 Bxd4 24. Bxd4 Rfe8 25. Qg2 Nf6 26. Bb6 Qd7
27. Rad4 Re2 28. Qf1 Qf7 29. R4d2 Qg6+ 30. Kh1 Ne4 0-1

[Event "Eastpointe (MCO/4/14)"]
[Site "?"]
[Date "1995.??.??"]
[Round "?"]
[White "Schell, Ken"]
[Black "Peiter, H."]
[Result "0-1"]
[WhiteElo "1705"]
[BlackElo "1900"]
[PlyCount "128"]
[EventDate "1995.??.??"]

{4/(14)} 1. e4 c5 2. Nf3 Nc6 3. d4 cxd4 4. Nxd4 Nf6 5. Nc3 e5 6. Nf3 Bb4 7. Bd3
d6 8. h3 O-O 9. O-O Be6 10. Bg5 Bxc3 11. bxc3 h6 12. Be3 d5 13. exd5 Nxd5 14.
Bd2 Qc7 15. Re1 Nb6 16. Qc1 Bd5 17. Be4 Bxe4 18. Rxe4 f5 19. Re1 Nc4 20. Rb1
Nxd2 21. Nxd2 Rad8 22. Nf1 Rde8 23. Qb2 b6 24. Qb3+ Kh8 25. Qd5 Rd8 26. Qe6 Rd6
27. Qc4 Qd7 28. Qa4 f4 29. Qa3 Rdf6 30. f3 Rd8 31. Re4 Rg6 32. Kh2 Rd6 33. Rbe1
Rd1 34. Qa6 Rxe1 35. Rxe1 Qd5 36. Qa4 g6 37. Qe4 Kg7 38. Qxd5 Rxd5 39. g3 Kf6
40. gxf4 exf4 41. h4 Ra5 42. Rd1 Ke6 43. Nd2 Rxa2 44. Ne4 Rxc2+ 45. Kh3 Ne5 46.
Rd6+ Ke7 47. Rf6 b5 48. Ra6 Nxf3 49. Rxa7+ Ke6 50. Kg4 Nxh4 51. Kxh4 Rh2+ 52.
Kg4 g5 53. Ra6+ Kd5 54. Nf6+ Kc4 55. Rc6+ Kb3 56. Rc5 Ka4 57. Rd5 Rh4+ 58. Kf3
Rh3+ 59. Kg4 Rxc3 60. Rd4+ Rc4 61. Rd7 f3+ 62. Kxf3 Rf4+ 63. Ke3 Rxf6 64. Rd4+
b4 0-1

[Event "Eastpointe (MCO/6/14)"]
[Site "?"]
[Date "1995.??.??"]
[Round "?"]
[White "Schell, Ken"]
[Black "Franke, R."]
[Result "1/2-1/2"]
[WhiteElo "1705"]
[BlackElo "1860"]
[PlyCount "61"]
[EventDate "1995.??.??"]

{6/(14)} 1. e4 c5 2. Nf3 d6 3. d4 cxd4 4. Nxd4 Nf6 5. Nc3 a6 6. Be2 Bd7 7. Be3
Nc6 8. Qd2 Nxd4 9. Bxd4 e5 10. Be3 Be7 11. O-O O-O 12. f3 h5 13. Rfd1 Qc7 14.
Bf1 Rfc8 15. Rac1 b5 16. Nd5 Nxd5 17. exd5 Bf5 18. Bd3 Bxd3 19. Qxd3 Qc4 20. b3
Qxd3 21. Rxd3 Kf8 22. c4 bxc4 23. Rdc3 Ke8 24. Rxc4 Kd7 25. Kf2 f5 26. Rxc8
Rxc8 27. Rxc8 Kxc8 28. Ke2 Kb7 29. Kd3 Bd8 30. Kc4 g6 31. b4 1/2-1/2

[Event "Troy (TCC Res/4/2)"]
[Site "?"]
[Date "1995.??.??"]
[Round "?"]
[White "Scales, H."]
[Black "al-Shareef, Robert"]
[Result "0-1"]
[WhiteElo "1605"]
[BlackElo "1645"]
[PlyCount "80"]
[EventDate "1995.??.??"]

{4/(2)} 1. d4 Nf6 2. Nf3 e6 3. Bf4 c5 4. e3 Nc6 5. Bb5 Qa5+ 6. Nc3 Ne7 7. O-O
Ned5 8. Nxd5 Nxd5 9. Bd3 Nxf4 10. exf4 d5 11. dxc5 Bxc5 12. a3 Qc7 13. Ne5 h5
14. Qf3 Kf8 15. Qg3 Rh6 16. Rfe1 Bd7 17. f5 Bd6 18. fxe6 Bxe6 19. Re3 Kg8 20.
Qf4 f6 21. Rg3 g5 22. Rxg5+ fxg5 23. Qxg5+ Qg7 24. Qe3 Bxe5 25. c3 Rf8 26. Re1
Bf5 27. Bb5 Be4 28. g3 h4 29. Bd3 hxg3 30. fxg3 Rf3 31. Bxe4 Rxe3 32. Bxd5+ Kh8
33. Rxe3 Bd4 34. cxd4 Qxd4 35. Kf2 Rxh2+ 36. Bg2 Qd2+ 37. Re2 Rxg2+ 38. Kxg2
Qxe2+ 39. Kh3 Kg7 40. Kh4 Kg6 0-1

[Event "East Lansing (MOR/3/7)"]
[Site "?"]
[Date "1995.??.??"]
[Round "?"]
[White "Scales, H."]
[Black "Zubatch, Steve"]
[Result "0-1"]
[WhiteElo "1605"]
[BlackElo "1720"]
[PlyCount "88"]
[EventDate "1995.??.??"]

{3/(7)} 1. e4 g6 2. Nf3 Bg7 3. c3 d6 4. d4 Nf6 5. Bd3 O-O 6. Be3 Nfd7 7. Nbd2
c5 8. Qc2 Nc6 9. h4 cxd4 10. Nxd4 Nf6 11. f3 a6 12. g4 Qc7 13. h5 b5 14. b4 Ne5
15. Be2 d5 16. O-O-O dxe4 17. Nxe4 Nxe4 18. Qxe4 Qxc3+ 19. Nc2 Be6 20. Bd4 Qc7
21. f4 Nxg4 22. hxg6 hxg6 23. Bxg7 Kxg7 24. Bxg4 Bxg4 25. Rdg1 Bd7 26. Rxg6+
fxg6 27. Qxe7+ Rf7 28. Qe1 Rc8 29. Qd1 Qxf4+ 30. Kb2 Qe5+ 31. Kc1 Qa1+ 32. Kd2
Qxd1+ 33. Rxd1 Bf5 34. Ne3 Rd7+ 35. Ke2 Rxd1 36. Kxd1 Kf6 37. Ke2 Ke5 38. Kd2
g5 39. Nf1 Rc2+ 40. Ke3 Rxa2 41. Kf3 Rb2 42. Ng3 Rxb4 43. Ne2 Bg4+ 44. Ke3 Re4+
0-1

[Event "East Lansing (MOR/1b/19)"]
[Site "?"]
[Date "1995.??.??"]
[Round "?"]
[White "Scales, H."]
[Black "Saenz, Scott"]
[Result "1-0"]
[WhiteElo "1605"]
[BlackElo "1605"]
[PlyCount "103"]
[EventDate "1995.??.??"]

1. e4 c5 2. Nf3 Nc6 3. Bc4 d6 4. a3 Nf6 5. d3 g6 6. Ng5 Bg7 7. Nxf7 Qc7 8. Nxh8
Bxh8 9. Nc3 e6 10. Nb5 Qe7 11. Bf4 d5 12. Nc7+ Kf8 13. Bb3 Rb8 14. O-O b5 15.
exd5 e5 16. Bh6+ Bg7 17. Bxg7+ Kxg7 18. Nxb5 Rxb5 19. dxc6 Qd6 20. Qe2 Qxc6 21.
Ba4 Bb7 22. f3 a6 23. c4 Qb6 24. cxb5 axb5 25. Bb3 c4+ 26. Kh1 cxb3 27. Rfe1
Nd7 28. Rad1 Qd4 29. Rc1 Ba6 30. Rc7 Qd6 31. Qxe5+ Qxe5 32. Rxe5 Kf6 33. Rd5
Bc8 34. Rcxd7 Bxd7 35. Rxd7 Ke5 36. Rb7 Kd4 37. Rxb5 Kxd3 38. Rxb3+ Kc2 39. Rb7
h5 40. a4 g5 41. a5 g4 42. fxg4 hxg4 43. a6 Kd3 44. a7 Kd4 45. Rb4+ Kc5 46.
Rxg4 Kd5 47. a8=Q+ Ke5 48. Qa5+ Kf6 49. Rb4 Kf7 50. Rb6 Ke7 51. Qa7+ Kd8 52.
Qa8+ 1-0

[Event "Detroit (MI Action/3/2)"]
[Site "?"]
[Date "1995.??.??"]
[Round "?"]
[White "Scales, H."]
[Black "Rajlich, Vasik"]
[Result "0-1"]
[WhiteElo "1660"]
[BlackElo "2250"]
[PlyCount "50"]
[EventDate "1995.??.??"]

{3/(2)} 1. e4 c5 2. Nf3 d6 3. Bc4 e6 4. c3 Nf6 5. d3 Be7 6. O-O O-O 7. Be3 Nc6
8. Re1 a6 9. Bb3 b5 10. Bc2 Bb7 11. d4 cxd4 12. cxd4 Nb4 13. Nbd2 Nxc2 14. Qxc2
Rc8 15. Qd1 Nxe4 16. Nb3 f5 17. Bf4 g5 18. Bc1 Qe8 19. Nxg5 Nxg5 20. Bxg5 Bxg5
21. Qe2 Bd5 22. Na5 Qg6 23. g3 f4 24. Nb3 fxg3 25. fxg3 Rc2 0-1

[Event "Eastpointe (EDO/2/13)"]
[Site "?"]
[Date "1995.??.??"]
[Round "?"]
[White "Scales, H."]
[Black "Manus, J."]
[Result "1-0"]
[WhiteElo "1605"]
[BlackElo "1605"]
[PlyCount "75"]
[EventDate "1995.??.??"]

{2/(13)} 1. e4 e6 2. d4 d5 3. e5 Nc6 4. c3 Nge7 5. Nf3 Bd7 6. Bd3 Nb8 7. Be3 c5
8. Nbd2 c4 9. Bc2 Qb6 10. Qc1 Nbc6 11. Ng5 O-O-O 12. Nxf7 g5 13. Nxh8 Bg7 14.
Nf7 Rf8 15. Nd6+ Kb8 16. Bxg5 Qd8 17. b4 h6 18. Bh4 Qc7 19. a4 Nf5 20. Bxf5
exf5 21. a5 h5 22. Bg5 f4 23. Nb1 f3 24. g3 Bh3 25. Na3 Bg2 26. Rg1 Qd7 27. b5
Nd8 28. b6 a6 29. Qe3 Qh3 30. Bxd8 Qxh2 31. Bc7+ Ka8 32. Kd2 Qh3 33. Qg5 Qd7
34. Rge1 Rh8 35. e6 Qxe6 36. Qxg7 Qh6+ 37. Qxh6 Rxh6 38. Re8# 1-0

[Event "Troy (TCC Res/2/11)"]
[Site "?"]
[Date "1995.??.??"]
[Round "?"]
[White "Scales, H."]
[Black "Jankowski, A."]
[Result "1-0"]
[WhiteElo "1605"]
[BlackElo "1605"]
[PlyCount "49"]
[EventDate "1995.??.??"]

{2/(11)} 1. d4 e6 2. Nf3 b6 3. e4 Bb7 4. Bd3 h6 5. Be3 Nf6 6. Nc3 Nc6 7. e5 Nd5
8. Nxd5 exd5 9. a3 Be7 10. b4 O-O 11. Qd2 f5 12. Bf4 Bc8 13. c3 d6 14. O-O Be6
15. Rfe1 Qc8 16. exd6 Bxd6 17. Bxh6 gxh6 18. Qxh6 Re8 19. Ng5 Re7 20. Nxe6 Rf7
21. Qg6+ Kh8 22. Qxf7 Qg8 23. Qf6+ Kh7 24. Bxf5+ Qg6 25. Qg7# 1-0

[Event "Detroit (MI Action/1/11)"]
[Site "?"]
[Date "1995.??.??"]
[Round "?"]
[White "Scales, H."]
[Black "Goerke, Jesse"]
[Result "1-0"]
[WhiteElo "1660"]
[BlackElo "1605"]
[PlyCount "78"]
[EventDate "1995.??.??"]

{1/(11)} 1. e4 e5 2. Nf3 Nc6 3. Bb5 Nge7 4. c3 d6 5. h3 Bd7 6. Ba4 g6 7. Bc2
Bg7 8. a3 O-O 9. b4 d5 10. d3 dxe4 11. dxe4 Be6 12. Nbd2 Bh6 13. O-O Bxd2 14.
Bxd2 a5 15. b5 Na7 16. a4 Bc4 17. Re1 c5 18. Nxe5 Be6 19. Nf3 Qd7 20. Ng5 Rad8
21. Nxe6 fxe6 22. Re2 c4 23. Qe1 Nac8 24. Rd1 Qe8 25. Bb1 Nd6 26. Ba2 Rf6 27.
e5 Rf5 28. exd6 Rxd6 29. Bxc4 g5 30. Bxe6+ Kg7 31. Bxf5 Qf7 32. Rxe7 Qxe7 33.
Qxe7+ Kg8 34. Qxd6 b6 35. Bxg5 h6 36. Be6+ Kh7 37. Bf5+ Kh8 38. Qf6+ Kg8 39.
Be6+ Kh7 1-0

[Event "Eastpointe (EDO/4/8)"]
[Site "?"]
[Date "1995.??.??"]
[Round "?"]
[White "Scales, H."]
[Black "Collins, Charles"]
[Result "1-0"]
[WhiteElo "1605"]
[BlackElo "1760"]
[PlyCount "73"]
[EventDate "1995.??.??"]

{4/(8)} 1. d4 Nf6 2. Nf3 g6 3. c3 d6 4. Bg5 Bg7 5. Nbd2 Nbd7 6. e4 e5 7. d5 Nc5
8. b4 Ncd7 9. a4 O-O 10. a5 a6 11. Bd3 b5 12. Nf1 Bb7 13. Ng3 c6 14. c4 bxc4
15. Bxc4 Rc8 16. dxc6 Bxc6 17. Bxa6 Rb8 18. Qd2 Qc7 19. Rc1 Nc5 20. Bxf6 Bxf6
21. bxc5 dxc5 22. O-O Rfd8 23. Qe3 Qxa5 24. Bc4 Rd4 25. Nxd4 cxd4 26. Qh6 Bg7
27. Qg5 Bd7 28. h4 Kf8 29. Rfd1 h6 30. Qd2 Qd8 31. h5 Qh4 32. hxg6 fxg6 33. Qd3
Bg4 34. Qa3+ Ke8 35. Rd3 Qg5 36. Ra1 h5 37. Qa7 1-0

[Event "Lansing (Mini-Swiss.1/2)"]
[Site "?"]
[Date "1995.??.??"]
[Round "?"]
[White "Saulmon, Scott"]
[Black "Triplett, Thomas"]
[Result "0-1"]
[WhiteElo "1770"]
[BlackElo "1945"]
[PlyCount "34"]
[EventDate "1995.??.??"]

{1/(2)} 1. e4 c5 2. Nc3 e5 3. Bc4 Nf6 4. d3 Be7 5. f4 d6 6. Nf3 Bg4 7. O-O O-O
8. Qe1 Bxf3 9. Rxf3 Nc6 10. f5 Nd4 11. Rf2 Ng4 12. Rd2 Bh4 13. f6 Bxe1 14. fxg7
Qh4 15. gxf8=Q+ Kxf8 16. g3 Bxg3 17. Rg2 Nf3+ 0-1

[Event "East Lansing (MOR/4/23)"]
[Site "?"]
[Date "1995.??.??"]
[Round "?"]
[White "Saulmon, Scott"]
[Black "Saenz, Scott"]
[Result "1-0"]
[WhiteElo "1770"]
[BlackElo "1605"]
[PlyCount "113"]
[EventDate "1995.??.??"]

{4/(23)} 1. e4 c5 2. Nc3 Nc6 3. f4 d6 4. Bc4 g6 5. Nf3 Bg7 6. O-O a6 7. a3 Bg4
8. Bxf7+ Kxf7 9. Ng5+ Ke8 10. Qxg4 Nf6 11. Qh3 Qb8 12. d3 h6 13. Ne6 Bf8 14.
Be3 h5 15. Nd5 Nxd5 16. exd5 Nd8 17. Nxf8 Rxf8 18. Rae1 Qc7 19. f5 Rxf5 20.
Rxf5 gxf5 21. Qxh5+ Kd7 22. Qxf5+ e6 23. dxe6+ Nxe6 24. Qf7+ Kc6 25. Qxc7+ Kxc7
26. Bf2 Ng5 27. Bh4 Rg8 28. Bxg5 Rxg5 29. h4 Rg4 30. Re4 Rg8 31. g4 d5 32. Rf4
Kd6 33. Kf2 Ke5 34. Kf3 b5 35. c3 d4 36. Rf5+ Kd6 37. cxd4 cxd4 38. Rf6+ Kc5
39. Rxa6 Re8 40. b4+ Kd5 41. g5 Re3+ 42. Kf4 Rxd3 43. g6 Rd1 44. h5 Rf1+ 45.
Kg5 d3 46. Ra8 Kc4 47. g7 Kc3 48. g8=Q Rg1+ 49. Kf4 Rxg8 50. Rxg8 Kd2 51. Rg2+
Kc3 52. h6 Kb3 53. h7 Kxa3 54. h8=Q Kxb4 55. Qd4+ Kb3 56. Rb2+ Ka3 57. Qb4# 1-0

[Event "East Lansing (MOR/1b/3)"]
[Site "?"]
[Date "1995.??.??"]
[Round "?"]
[White "Saulmon, Scott"]
[Black "Richter, William"]
[Result "1/2-1/2"]
[WhiteElo "1770"]
[BlackElo "1605"]
[PlyCount "64"]
[EventDate "1995.??.??"]

1. e4 c5 2. Nc3 Nc6 3. f4 e6 4. Nf3 Nf6 5. Bc4 a6 6. a3 b5 7. Ba2 d6 8. d3 Be7
9. O-O O-O 10. Qe1 Nd4 11. Nxd4 cxd4 12. Ne2 Qb6 13. Qg3 Qc5 14. b4 Qxc2 15.
Nxd4 Qc3 16. Nb3 Nh5 17. Qf3 g6 18. Rb1 Qc7 19. f5 exf5 20. exf5 Bxf5 21. g4
Bxg4 22. Qxg4 Qc2 23. Qg2 Qxd3 24. Rxf7 Qd1+ 25. Rf1 Rxf1+ 26. Qxf1 Qg4+ 27.
Qg2 Qd1+ 28. Qf1 Qg4+ 29. Kh1 Qe4+ 30. Qg2 Qe1+ 31. Qg1 Qe4+ 32. Qg2 Qe1+
1/2-1/2

[Event "East Lansing (MOR/3/13)"]
[Site "?"]
[Date "1995.??.??"]
[Round "?"]
[White "Saulmon, Scott"]
[Black "Harris, G."]
[Result "0-1"]
[WhiteElo "1770"]
[BlackElo "1605"]
[PlyCount "64"]
[EventDate "1995.??.??"]

{3/(13)} 1. e4 e6 2. d4 d5 3. Nd2 Nf6 4. e5 Nfd7 5. Bd3 c5 6. c3 Nc6 7. Ne2 Qb6
8. Nf3 cxd4 9. cxd4 f6 10. Nf4 fxe5 11. Nxe5 Ndxe5 12. dxe5 Bb4+ 13. Bd2 O-O
14. O-O Bxd2 15. Qxd2 Nxe5 16. Bxh7+ Kxh7 17. Qc2+ Kg8 18. Nh3 Bd7 19. Ng5 Rf5
20. h4 Qd4 21. g3 Raf8 22. Rad1 Qg4 23. Kg2 Bb5 24. f3 Bxf1+ 25. Rxf1 Qc4 26.
Qb1 Qd3 27. Qc1 Nxf3 28. Nxe6 Nxh4+ 29. gxh4 Rxf1 30. Qg5 R1f2+ 31. Kh1 Qh3+
32. Kg1 Rf1# 0-1

[Event "Lansing (Mini-Swiss.2/3)"]
[Site "?"]
[Date "1995.??.??"]
[Round "?"]
[White "Saulmon, Scott"]
[Black "Eck, J."]
[Result "1-0"]
[WhiteElo "1730"]
[BlackElo "1665"]
[PlyCount "69"]
[EventDate "1995.??.??"]

{2/(3)} 1. e4 e5 2. Nf3 Nc6 3. d4 exd4 4. c3 d6 5. Bc4 Be7 6. cxd4 Nf6 7. Nbd2
h6 8. O-O a6 9. e5 dxe5 10. dxe5 Nd7 11. Re1 O-O 12. Nf1 b5 13. Bd5 Bb7 14. Bb3
Na5 15. Bc2 Bb4 16. Qd3 g6 17. Rd1 Bxf3 18. Qxf3 h5 19. Qg3 Qe8 20. Bh6 Nc4 21.
f4 Qe6 22. Bxf8 Nxf8 23. b3 Na3 24. Be4 Bc5+ 25. Kh1 Rb8 26. Rac1 Ba7 27. Rc6
Qe7 28. f5 Rb6 29. Rxb6 Bxb6 30. fxg6 f6 31. Bd5+ Kg7 32. Qf3 Qxe5 33. Ng3 h4
34. Nf5+ Kxg6 35. Qg4+ 1-0

[Event "Lansing (Mini-Swiss.2/1)"]
[Site "?"]
[Date "1995.??.??"]
[Round "?"]
[White "Saulmon, Scott"]
[Black "Asbury, Victor"]
[Result "1-0"]
[WhiteElo "1730"]
[BlackElo "1605"]
[PlyCount "33"]
[EventDate "1995.??.??"]

{2/(1)} 1. e4 c5 2. Nc3 g6 3. f4 Bg7 4. Nf3 Nf6 5. Bc4 O-O 6. O-O d6 7. d3 a6
8. a3 b5 9. Bb3 Bb7 10. f5 Kh8 11. Ng5 d5 12. exd5 Bxd5 13. Nxd5 Nxd5 14. fxg6
hxg6 15. Qf3 Bd4+ 16. Kh1 e6 17. Qh3+ 1-0

[Event "Lansing (Mini-Swiss.2/1)"]
[Site "?"]
[Date "1995.??.??"]
[Round "?"]
[White "Saulmon, Scott"]
[Black "Asbury, Victor"]
[Result "0-1"]
[WhiteElo "1710"]
[BlackElo "1605"]
[PlyCount "114"]
[EventDate "1995.??.??"]

{2/(1)} 1. e4 c5 2. d4 cxd4 3. c3 dxc3 4. Nxc3 g6 5. Nf3 Bg7 6. Bc4 Nf6 7. O-O
O-O 8. Re1 Nc6 9. h3 a6 10. e5 Ne8 11. Bg5 h6 12. Bh4 Qc7 13. Nd5 Qd8 14. Qd3
d6 15. Nc3 Bf5 16. Qd2 dxe5 17. Qe3 Nd6 18. Bb3 Qd7 19. Kh2 e4 20. Nd2 Nd4 21.
Ndxe4 Nxb3 22. Nxd6 Nxa1 23. Nxf5 Qxf5 24. Rxa1 Be5+ 25. Kg1 g5 26. Nd5 Rae8
27. g4 Qe6 28. Bxg5 hxg5 29. Qxg5+ Bg7 30. Nf4 Qf6 31. Qxf6 Bxf6 32. Rd1 Rd8
33. Rc1 Bg5 34. Rc4 Bxf4 35. Rxf4 Rd1+ 36. Kg2 Rc8 37. h4 Rcc1 38. h5 Rh1 39.
Rf5 Rcg1+ 40. Kf3 f6 41. Kf4 Kg7 42. Rd5 Rh4 43. f3 Rh3 44. Rd7 Kf7 45. Rxb7
Rf1 46. Rb3 Re1 47. Ra3 e5+ 48. Kf5 Rf1 49. Ke4 Re1+ 50. Kf5 e4 51. f4 Rxa3 52.
bxa3 e3 53. h6 Rh1 54. g5 Rh5 55. Kg4 Rxg5+ 56. Kf3 Ra5 57. h7 Kg7 0-1

[Event "Eastpointe (MCO/5/22)"]
[Site "?"]
[Date "1995.??.??"]
[Round "?"]
[White "Sattler, Peter"]
[Black "Wright, Walter"]
[Result "1-0"]
[WhiteElo "1725"]
[BlackElo "1605"]
[PlyCount "77"]
[EventDate "1995.??.??"]

{5/(22)} 1. e4 g6 2. d4 Bg7 3. Nf3 d6 4. Nc3 Nf6 5. Bc4 O-O 6. O-O Bg4 7. h3
Bxf3 8. Qxf3 Nbd7 9. Be3 a6 10. Rad1 b5 11. Bb3 Qc8 12. a3 c5 13. Nd5 Nxd5 14.
Bxd5 Rb8 15. Bb3 cxd4 16. Bxd4 Ne5 17. Bxe5 Bxe5 18. c3 a5 19. Qd3 b4 20. axb4
axb4 21. f4 Bg7 22. c4 Bxb2 23. f5 Qc5+ 24. Kh1 Be5 25. fxg6 hxg6 26. Qf3 Rbc8
27. h4 Kg7 28. g4 f6 29. h5 Rh8 30. Rd5 Qa7 31. Kg2 g5 32. Qf5 Rhg8 33. c5 Rxc5
34. Rxc5 Kh8 35. Rc8 e6 36. Rxg8+ Kxg8 37. Qxe6+ Kg7 38. Qg8+ Kh6 39. Qg6# 1-0

[Event "Eastpointe (MCO/4/26)"]
[Site "?"]
[Date "1995.??.??"]
[Round "?"]
[White "Sattler, Peter"]
[Black "Venia, H."]
[Result "1-0"]
[WhiteElo "1725"]
[BlackElo "1605"]
[PlyCount "59"]
[EventDate "1995.??.??"]

{4/(26)} 1. e4 c5 2. Nf3 Nc6 3. d4 cxd4 4. Nxd4 Nf6 5. Nc3 d6 6. Bg5 e6 7. Bb5
Bd7 8. O-O a6 9. Be2 Be7 10. Nxc6 Bxc6 11. Bd3 O-O 12. Re1 Nd7 13. Bxe7 Qxe7
14. a3 b5 15. Nd5 exd5 16. exd5 Qd8 17. dxc6 Nf6 18. c4 bxc4 19. Bxc4 d5 20.
Bb3 Qd6 21. Rc1 Rac8 22. Ba4 Ne4 23. Rxe4 f5 24. Rd4 Qf6 25. Bb3 f4 26. Bxd5+
Kh8 27. Bf3 g5 28. b4 Qg7 29. Rd7 Qg6 30. Qd4+ 1-0

[Event "East Lansing (MOR/2/3)"]
[Site "?"]
[Date "1995.??.??"]
[Round "?"]
[White "Sattler, Peter"]
[Black "Scales, H."]
[Result "0-1"]
[WhiteElo "1775"]
[BlackElo "1605"]
[PlyCount "130"]
[EventDate "1995.??.??"]

{2/(3)} 1. e4 e5 2. Nf3 Nc6 3. Bb5 a6 4. Ba4 b5 5. Bb3 Nf6 6. Ng5 d5 7. exd5
Nxd5 8. d3 Nd4 9. O-O Nxb3 10. axb3 Bb7 11. Qf3 Qf6 12. Re1 Bd6 13. c4 Qxf3 14.
Nxf3 Nb4 15. Rd1 Bxf3 16. gxf3 Nc2 17. Ra2 b4 18. Be3 c5 19. Nd2 O-O 20. Ne4
Nxe3 21. fxe3 Be7 22. Ra5 Rfc8 23. Rda1 f5 24. Ng3 Rc6 25. Nxf5 Bd8 26. R5a2 h5
27. Kf2 Rf6 28. e4 a5 29. Rg1 Ra7 30. Raa1 g6 31. Rg5 Kh7 32. Ne3 Raf7 33. Rg3
Rf4 34. Rh3 Rd7 35. Nd5 Rf8 36. Ke2 Ra7 37. Rg3 h4 38. Rg4 Raf7 39. Rf1 g5 40.
h3 Kh6 41. Ne3 Ra7 42. Nf5+ Kg6 43. Nxh4+ Kf6 44. Nf5 a4 45. bxa4 Rxa4 46. Rfg1
Ke6 47. h4 Ra2 48. Rb1 gxh4 49. Nxh4 Rh8 50. Nf5 Rh2+ 51. Ke3 Rhxb2 52. Rxb2
Rxb2 53. Rg6+ Bf6 54. Rg8 Rc2 55. Rb8 Bg5+ 56. f4 Bxf4+ 57. Kf3 Rc3 58. Ke2 b3
59. Rb6+ Kd7 60. Rb5 Rc2+ 61. Kf3 b2 62. Rb3 Kc6 63. Ne3 Rd2 64. Nd5 Rxd3+ 65.
Kg4 Rxb3 0-1

[Event "Eastpointe (EDO/5/5)"]
[Site "?"]
[Date "1995.??.??"]
[Round "?"]
[White "Sattler, Peter"]
[Black "Scales, H."]
[Result "0-1"]
[WhiteElo "1785"]
[BlackElo "1605"]
[PlyCount "82"]
[EventDate "1995.??.??"]

{5/(5)} 1. e4 e5 2. Nf3 Nc6 3. Bb5 Nge7 4. c3 a6 5. Ba4 d6 6. h3 b5 7. Bb3 Na5
8. Bc2 c5 9. d4 exd4 10. cxd4 c4 11. O-O Ng6 12. Re1 Be7 13. Nc3 Bb7 14. e5 O-O
15. Be3 d5 16. b3 Bc8 17. Bd2 Be6 18. Ne2 Nc6 19. a3 Nh4 20. Nxh4 Bxh4 21. Nf4
Nxd4 22. Ba5 Qxa5 23. Qxd4 Qd8 24. bxc4 bxc4 25. Rad1 Qe7 26. Nxd5 Bxd5 27.
Qxd5 Rfd8 28. Qe4 g6 29. Qxc4 Rac8 30. Qf4 Bg5 31. Qa4 Qc5 32. Bb3 Be7 33. e6
f5 34. Qxa6 Ra8 35. Qc4 Qb6 36. a4 Kg7 37. Rd7 Re8 38. Qd4+ Qxd4 39. Rxd4 Kf6
40. Red1 Rec8 41. Rc4 Rab8 {[Remainder illegible; 0-1, 52?]} 0-1

[Event "Flint (MI Senior/2/3)"]
[Site "?"]
[Date "1995.??.??"]
[Round "?"]
[White "Sattler, Peter"]
[Black "Moore, Robert"]
[Result "0-1"]
[WhiteElo "1780"]
[BlackElo "1700"]
[PlyCount "107"]
[EventDate "1995.??.??"]

{2/(3)} 1. e4 c5 2. Nf3 d6 3. d4 cxd4 4. Nxd4 Nf6 5. Nc3 a6 6. Be2 e5 7. Nb3
Be7 8. Be3 O-O 9. O-O Be6 10. f4 exf4 11. Bxf4 Nc6 12. Qd2 Ne5 13. Rad1 Qb6+
14. Kh1 Nc4 15. Bxc4 Bxc4 16. Rf3 Rad8 17. h3 Rfe8 18. Qd4 Qxd4 19. Rxd4 Bxb3
20. axb3 Nh5 21. Bh2 h6 22. Rfd3 Nf6 23. Nd5 Nxd5 24. Rxd5 Bf6 25. e5 dxe5 26.
Rxd8 Bxd8 27. Bxe5 Bg5 28. Bc3 Re2 29. g3 Rxc2 30. Rd7 b6 31. h4 Bc1 32. Rd8+
Kh7 33. Rb8 Bxb2 34. Bxb2 Rxb2 35. Rxb6 a5 36. Rb7 a4 37. Ra7 Rxb3 38. Kg2 a3
39. Rxf7 a2 40. Ra7 Rb2+ 41. Kh3 Kg6 42. g4 Kf6 43. Ra5 Ke6 44. Kg3 Kd6 45. Kf3
g6 46. h5 gxh5 47. gxh5 Kc6 48. Ra8 Kc5 49. Ke4 Kc4 50. Ke3 Rh2 51. Rc8+ Kb3
52. Rb8+ Kc2 53. Rc8+ Kb1 54. Rb8+ 0-1

[Event "Eastpointe (EDO/1/7)"]
[Site "?"]
[Date "1995.??.??"]
[Round "?"]
[White "Sattler, Peter"]
[Black "Marson, Michael"]
[Result "0-1"]
[WhiteElo "1785"]
[BlackElo "1605"]
[PlyCount "84"]
[EventDate "1995.??.??"]

{1/(7)} 1. e4 e6 2. d4 d5 3. Nc3 Nf6 4. e5 Nfd7 5. Nf3 Bb4 6. Bd2 c5 7. Nb5
Bxd2+ 8. Qxd2 O-O 9. Nd6 cxd4 10. Nxc8 Qxc8 11. Qxd4 Nc6 12. Qc3 Ncxe5 13. Qxc8
Raxc8 14. Nxe5 Nxe5 15. c3 Rc7 16. Be2 Rfc8 17. O-O Nc4 18. Bxc4 Rxc4 19. Rfd1
b5 20. a3 a5 21. Kf1 b4 22. axb4 axb4 23. cxb4 Rxb4 24. Rac1 Rxc1 25. Rxc1 g6
26. Rc2 Kg7 27. g3 h5 28. Kg2 f5 29. f4 Kf6 30. h4 Rb3 31. Kf2 d4 32. Rd2 e5
33. fxe5+ Kxe5 34. Re2+ Kd5 35. Kg2 d3 36. Rd2 Kd4 37. Kf2 Ke4 38. Kg2 Ke3 39.
Rf2 Rb4 40. Rf3+ Kd2 41. Kf1 Rxb2 42. Rf2+ Kc3 0-1

[Event "Eastpointe (MCO/1/35)"]
[Site "?"]
[Date "1995.??.??"]
[Round "?"]
[White "Sattler, Peter"]
[Black "Lombardo, L."]
[Result "1-0"]
[WhiteElo "1725"]
[BlackElo "1605"]
[PlyCount "81"]
[EventDate "1995.??.??"]

{1/(35)} 1. e4 e5 2. Nf3 Nc6 3. Bb5 a6 4. Ba4 Nf6 5. O-O Nxe4 6. Bxc6 dxc6 7.
Re1 Bf5 8. d3 Nc5 9. Rxe5+ Be6 10. Ng5 Qf6 11. Re2 Bd6 12. Nxe6 Nxe6 13. Nc3
O-O 14. Ne4 Qg6 15. Nxd6 cxd6 16. Re3 Nf4 17. Rg3 Qf5 18. Qf3 Ne2+ 19. Qxe2
Rfe8 20. Be3 Qe5 21. Rb1 d5 22. Qg4 g6 23. h3 Qf6 24. Bd4 Qd6 25. Re3 c5 26.
Rxe8+ Rxe8 27. Be3 d4 28. Bf4 Qd5 29. b3 f5 30. Qf3 Qe6 31. g4 b5 32. Bg3 c4
33. gxf5 gxf5 34. Qf4 Qd5 35. bxc4 bxc4 36. dxc4 Qxc4 37. Qg5+ Kf7 38. Rb7+ Ke6
39. Rb6+ Kd5 40. Qxf5+ Re5 41. Qxe5# 1-0

[Event "Flint (MI Senior/4/2)"]
[Site "?"]
[Date "1995.??.??"]
[Round "?"]
[White "Sattler, Peter"]
[Black "LaForge, Tom"]
[Result "0-1"]
[WhiteElo "1780"]
[BlackElo "1950"]
[PlyCount "98"]
[EventDate "1995.??.??"]

{4/(2)} 1. e4 e6 2. d4 d5 3. Nc3 Nf6 4. e5 Nfd7 5. Nf3 c5 6. dxc5 Bxc5 7. Bd3
Nc6 8. Qe2 h6 9. O-O Nb4 10. a3 Nxd3 11. Qxd3 O-O 12. Re1 b6 13. b4 Be7 14. Bb2
a6 15. Red1 b5 16. Nd2 Nb6 17. Qd4 Bb7 18. f4 Nc4 19. Nxc4 dxc4 20. Qxd8 Raxd8
21. Rxd8 Rxd8 22. Rd1 f6 23. Rxd8+ Bxd8 24. Ne2 Be4 25. exf6 gxf6 26. c3 Bb6+
27. Kf1 Kf7 28. Bc1 h5 29. g3 Bd3 30. Ke1 Kg6 31. Nd4 Bxd4 32. cxd4 Kf5 33. Bb2
Ke4 34. Kf2 f5 35. Bc3 Bb1 36. Ke2 h4 37. Bb2 hxg3 38. hxg3 c3 39. Bxc3 Kd5 40.
Kd2 Kc4 41. Bb2 Kb3 42. Bc1 Be4 43. Ke3 Kc2 44. g4 Kxc1 45. g5 Bc6 46. g6 Be8
47. g7 Bf7 48. Kf3 Kd2 49. Kg3 Ke3 0-1

[Event "East Lansing (MOR/4/29)"]
[Site "?"]
[Date "1995.??.??"]
[Round "?"]
[White "Sattler, Peter"]
[Black "Charette, B."]
[Result "1-0"]
[WhiteElo "1775"]
[BlackElo "1605"]
[PlyCount "89"]
[EventDate "1995.??.??"]

{4/(29)} 1. e4 e5 2. Nf3 Nf6 3. d3 Nc6 4. Nbd2 d5 5. Be2 d4 6. Nc4 Bd6 7. O-O
O-O 8. Bg5 Bg4 9. Nxd6 Qxd6 10. a3 h6 11. Bd2 Nh5 12. h3 Bd7 13. Nxe5 Qxe5 14.
Bxh5 Qc5 15. Bf3 Ne5 16. Bb4 Nxf3+ 17. Qxf3 Qxc2 18. Bxf8 Rxf8 19. Rab1 Bb5 20.
Rfd1 Bc6 21. Qf4 Bb5 22. Qd2 Qc5 23. Qb4 Qe5 24. Rbc1 b6 25. f4 Qxf4 26. Qxb5
Qe3+ 27. Kh1 g6 28. Rxc7 a6 29. Qxa6 Qe2 30. Rdc1 Qxb2 31. a4 h5 32. Qb5 Qxb5
33. axb5 f5 34. Rc8 fxe4 35. Rxf8+ Kxf8 36. dxe4 Ke7 37. Rd1 Ke6 38. Rxd4 Ke5
39. Rc4 h4 40. Kg1 g5 41. Rc6 Kxe4 42. Rxb6 Kf4 43. Rc6 g4 44. Rc4+ Kg3 45.
Rxg4# 1-0